000 00603cam a2200145 4500500
005 20251228052420.0
041 _afre
042 _adc
100 1 0 _aMiers, Suzanne
_eauthor
245 0 0 _aGRANT, Kevin. — A Civilized Savagery: Britain and the New Slaveries in Africa, 1884-1926. New York-London, Routledge, 2005, 226 p., bibl., index.
260 _c2005.
500 _a62
786 0 _nCahiers d'études africaines | 179-180 | 3 | 2005-10-01 | p. 1179f-1208f | 0008-0055
856 4 1 _uhttps://shs.cairn.info/revue-cahiers-d-etudes-africaines-2005-3-page-1179f?lang=fr&redirect-ssocas=7080
999 _c1583514
_d1583514